Introduction To Robotics (Record no. 349308)
[ view plain ]
| 000 -LEADER | |
|---|---|
| fixed length control field | 00448nam a2200181Ia 4500 |
| 008 - FIXED-LENGTH DATA ELEMENTS--GENERAL INFORMATION | |
| fixed length control field | 230718s9999 xx 000 0 und d |
| 020 ## - INTERNATIONAL STANDARD BOOK NUMBER | |
| International Standard Book Number | 9789332902800 |
| 041 ## - LANGUAGE CODE | |
| Language code of text/sound track or separate title | eng |
| 082 ## - DEWEY DECIMAL CLASSIFICATION NUMBER | |
| Classification number | 629.8 |
| Item number | SAH |
| 100 ## - MAIN ENTRY--PERSONAL NAME | |
| Personal name | Saha S.K. |
| 245 ## - TITLE STATEMENT | |
| Title | Introduction To Robotics |
| 250 ## - EDITION STATEMENT | |
| Edition statement | 2nd ed. |
| 260 ## - PUBLICATION, DISTRIBUTION, ETC. (IMPRINT) | |
| Date of publication, distribution, etc. | 2014 |
| Name of publisher, distributor, etc. | McGraw Hill |
| 300 ## - PHYSICAL DESCRIPTION | |
| Extent | 502 |
| 365 ## - TRADE PRICE | |
| Currency code | Rs. |
| Price amount | 725.00 |
| 700 ## - ADDED ENTRY--PERSONAL NAME | |
| Personal name | Saha S.K. |
| 906 ## - LOCAL DATA ELEMENT F, LDF (RLIN) | |
| d | O:0632121-Jan-2019B:551217-Jan-2019 |
| c | TE |
| b | 1827 |
| Withdrawn status | Lost status | Damaged status | Not for loan | Home library | Current library | Date acquired | Vendor | Budget Code | Cost, normal purchase price | Bill number | Total Checkouts | Full call number | Barcode | Date last seen | Date last checked out | Discount | Cost, replacement price | Bill Date | Koha item type | Original Barcode |
|---|---|---|---|---|---|---|---|---|---|---|---|---|---|---|---|---|---|---|---|---|
| Cummins College of Engineering for Women Pune | Cummins College of Engineering for Women Pune | 21/01/2019 | Om Book Stall | TE | 522.00 | 5512 | 18 | 629.8 | CCEP-BK-60515 | 02/04/2026 | 18/03/2026 | 1827 | 725.00 | 17/01/2019 | Books | 060515 |